NFL Franchise Consecutive Super Bowls Sudden Death - Statistiken

Allgemein
  • Dieses Quiz wurde 214 mal gespielt
  • Das Durchschnittsergebnis liegt bei 3 aus 8
Answers on the Grid
Answers color-coded by a green-red scale on the quiz's grid according to % correct below.
Green Bay Packers
New York Giants
Dallas Cowboys
Philadelphia Eagles
Los Angeles Rams
Kansas City Chiefs
Los Angeles Chargers
Denver Broncos
Atlanta Falcons
Minnesota Vikings
Washington Commanders
Baltimore Ravens
New York Jets
Las Vegas Raiders
Buffalo Bills
Pittsburgh Steelers
Seattle Seahawks
San Francisco 49ers
Tampa Bay Buccaneers
Chicago Bears
New England Patriots
New Orleans Saints
Cincinnati Bengals
Miami Dolphins
Indianapolis Colts
Detroit Lions
Arizona Cardinals
Carolina Panthers
 
Antwortstatistiken
Antwort % Korrekt
Green Bay Packers
67%
Kansas City Chiefs
62%
New England Patriots
55%
Dallas Cowboys
45%
San Francisco 49ers
38%
Pittsburgh Steelers
33%
Denver Broncos
17%
Miami Dolphins
17%
Keine übereinstimmenden Quizze gefunden
Verteilung der Resultate
Anzahl Personen mit jedem Resultat
Perzentil nach korrekt beantworteten Fragen
Ihre Resultats-Entwicklung
Sie haben dieses Quiz noch nicht gespielt